| 000 | 01008nmc a2200337 a 4500 | ||
|---|---|---|---|
| 003 | AR-BaBNM | ||
| 005 | 20251128210248.0 | ||
| 008 | 011101s1993 ||||||||||||||000 | spa|| | ||
| 020 | _a84-7046-498-1 | ||
| 040 | _cAR-BaBNM | ||
| 100 | 1 | _aGonzález, Fermín M. | |
| 245 | 1 | 0 |
_aAprendizaje significativo _btécnicas y aplicaciones |
| 260 |
_aMadrid _bCincel _c1993 |
||
| 300 |
_a263 p. _btablas, diagr. |
||
| 490 | 0 |
_aEducación y futuro. Monografías para la reforma _vv. 18 |
|
| 504 | _aContiene bibliografía p. 247-262 | ||
| 600 | 1 | 4 | _aAusubel, David P. |
| 600 | 1 | 4 | _aNovak, Joséph D. |
| 600 | 1 | 4 | _aGowin, Bob |
| 650 | 4 | _aTEORIAS DEL APRENDIZAJE | |
| 650 | 4 | _aMETODOS DE ENSENANZA | |
| 650 | 4 | _aTECNICAS DIDACTICAS | |
| 650 | 4 | _aCONOCIMIENTO | |
| 653 | _aAPRENDIZAJE SIGNIFICATIVO | ||
| 653 | _aPROCESO DE ENSENANZA-APRENDIZAJE | ||
| 653 | _aMAPAS CONCEPTUALES | ||
| 700 | 1 | _aNovak, Joseph D. | |
| 800 | 1 |
_aRomán Pérez, Martiniano _edirector |
|
| 942 | _cBK | ||
| 998 | _cRaquel | ||
| 999 |
_c14691 _d14691 |
||